Loading...
| Literature - American | 0 | 8 | 1 | 0 | 75 | 29 | 51.50 | 6 | 8 | 0.00 | 0.00 |
| Literature - British | 0 | 7 | 1 | 1 | 65 | 51 | 71.86 | 3 | 7 | 0.00 | 0.00 |
| Fine Arts - Visual | 0 | 6 | 0 | 1 | 60 | 38 | 77.33 | 2 | 5 | 0.00 | 0.00 |
| Literature - World/Other | 0 | 6 | 2 | 0 | 50 | 50 | 72.17 | 3 | 5 | 0.00 | 0.00 |
| Literature - European | 0 | 6 | 2 | 0 | 50 | 11 | 55.67 | 3 | 6 | 0.00 | 0.00 |
| Fine Arts - Classical Music | 0 | 3 | 0 | 2 | 30 | 94 | 111.67 | 0 | 2 | 0.00 | 0.00 |
| History - American | 0 | 3 | 1 | 1 | 25 | 61 | 79.33 | 1 | 2 | 0.00 | 0.00 |
| Geography/Current Events | 0 | 2 | 0 | 1 | 20 | 52 | 91.00 | 1 | 1 | 0.00 | 0.00 |
| Fine Arts - Other | 0 | 3 | 2 | 1 | 20 | 97 | 114.33 | 1 | 2 | 0.00 | 0.00 |
| Mythology | 0 | 1 | 0 | 0 | 10 | 73 | 73.00 | 1 | 1 | 0.00 | 0.00 |
| Science - Physics | 0 | 1 | 0 | 1 | 10 | 119 | 119.00 | 0 | 1 | 0.00 | 0.00 |
| History - World | 0 | 2 | 2 | 0 | 10 | 52 | 55.50 | 2 | 2 | 0.00 | 0.00 |
| History - European | 0 | 1 | 0 | 0 | 10 | 83 | 83.00 | 0 | 1 | 0.00 | 0.00 |
| Science - Other | 0 | 1 | 0 | 0 | 10 | 76 | 76.00 | 0 | 1 | 0.00 | 0.00 |
| History - Other | 0 | 1 | 1 | 0 | 5 | 47 | 47.00 | 1 | 1 | 0.00 | 0.00 |
| Religion | 0 | 0 | 0 | 0 | 0 | 0.00 | 0 | 0 | 0.00 | 0.00 |